| 000 | 00818cam a2200229 a 4500 | ||
|---|---|---|---|
| 001 | 000004595 | ||
| 005 | 20200929151452.0 | ||
| 008 | 770516s1968 ve 001 0bspa | ||
| 040 |
_aDO-SdBNP _bspa _cBNPHU |
||
| 041 | 1 | 7 |
_aspa _bfre |
| 082 |
_a840.4 _bG619t |
||
| 100 | 1 |
_aGoldmann, Lucien. _913403 |
|
| 245 | 1 | 3 |
_aEl teatro de Jean Genet : _bensayo de estudio sociológico / _cLucien Goldmann ; traductor, Guillermo Sucre. |
| 260 |
_aCaracas : _bMonte Avila, _c1968. |
||
| 300 |
_a83 p. ; _c19 cm. |
||
| 440 | 0 |
_aEstudios _93854 |
|
| 534 | _aTítulo original: Le théatre de Jean Genet. | ||
| 600 | 1 | 4 |
_aGENET, JEAN _d1910-1986 _xOBRAS DRAMÁTICAS _913404 |
| 650 | 4 |
_aGenet, jean _d1910-1986 _xCrítica e interpretación _913405 |
|
| 650 | 4 |
_aCrítica literaria _zFrancia _913406 |
|
| 700 | 1 |
_aSucre, Guillermo, _etr. _96249 |
|
| 999 |
_c4403 _d4403 |
||